LEADER 01135nam a2200253 i 4500 001 000000033690 003 CaOOAMICUS 005 20180830125450.0 008 180830s1992 fr u000 u und u 040 $aSeMil$bita 245 13$aLa société juive à travers l'histoire /$csous la direction de Shmuel Trigano. 260 $aParis :$bFayard,$c1992-1993. 300 $a4 v. ;$c25 cm. 650 4$aEbrei - Storia.$0(OLS)http://semarc/subject/4633 650 4$aEbrei - Civiltà.$0(OLS)http://semarc/subject/4856 650 4$aEbrei - Usi e costumi.$0(OLS)http://semarc/subject/28355 650 4$aComunità israelitiche - Storia.$0(OLS)http://semarc/subject/44889 700 1 $aTrigano, Shmuel <1949- >.$0(OLS)http://semarc/name/90282 774 0 $tFabrique du peuple.$z2-213-02155$g1$w()79071 774 0 $tLiens de l'Alliance.$z2-213-02808-7$g2$w()253333 774 0 $tPassage d'Israël.$z2-213-03053-7$g3$w()253334 774 0 $tPeuple-monde.$z2-213-03061-8$g4$w()253335 996 $6245$aLa société juive à travers l'histoire$9(OLS)http://semarc/title/402190 996 $6260$aParis :$bFayard$9(OLS)http://semarc/publisher/29821 LEADER 01137nam a2200253 i 4500 001 000000156216 003 CaOOAMICUS 005 20061129000000.0 008 061129s1979 it u000 u ita u 013 $a133571 020 $a88-02-03480-X 040 $aSeMil$bita 100 1 $aManselli, Raoul <1917-1984>.$0(OLS)http://semarc/name/2282 245 10$aTomo secondo /$cRaoul Manselli. Dagli ungari al regno d'Ungheria (Capitolo 26.) / Edith Pasztor. 300 $aXVII, P. 666-1248, 36 c. di tav. 500 $aContiene : Fonti iconografiche. 700 1 $aPasztor, Edith <1925-2015>.$0(OLS)http://semarc/name/35645 773 0 $tNuova storia universale dei popoli e delle civiltà.$dTorino : Unione Tipografico-Editrice Torinese, 1969-1986.$g8$w()16922 773 0 $tEuropa medioevale.$dTorino : Unione Tipografico-Editrice, 1979-1983.$gTomo2$w()16924 850 $aSeMil 852 $aSeMil$W1$xVenegono$y1$mSL1.A I 8/2$j108018$B108018$CSeMilBibl$Z2$F117920 $8I 961 $aOmaggio: Villa don Cesare 996 $6020$a88-02-03480-X$9(OLS)http://semarc/number/146361 996 $6245$aTomo secondo$9(OLS)http://semarc/title/150151